| 000 | 00330nam a22001457a 4500 | ||
|---|---|---|---|
| 999 |
_c529206 _d529206 |
||
| 003 | NUST | ||
| 020 | _a9789699739408 | ||
| 038 | _aMSOHAIL | ||
| 082 | _a0 | ||
| 100 |
_aSharif ul Haq Dalim _921053 |
||
| 245 | _aBangladesh untold facts | ||
| 260 |
_aLahore _bAl - Faisal _c2010 |
||
| 300 |
_a298,p: _c22cm _fH.B. |
||
| 942 |
_cBK _2ddc |
||